[Event "Krakow Winter op-B"]
[Site "Krakow"]
[Date "2022.01.18"]
[Round "6"]
[White "Stasik, Marceli"]
[Black "Ryszka, Maciej"]
[Result "0-1"]
[WhiteElo "1296"]
[BlackElo "1186"]
[PlyCount "56"]
[EventDate "2022.01.15"]
[EventType "swiss"]
[EventRounds "9"]
[EventCountry "POL"]
[SourceTitle "CBM 206 Extra"]
[Source "ChessBase"]
[SourceDate "2022.03.31"]
[SourceVersion "1"]
[SourceVersionDate "2022.03.31"]
[SourceQuality "1"]

1. c4 c5 2. Nc3 Nc6 3. g3 g6 4. Bg2 Bg7 5. e3 e5 6. Nge2 Nge7 7. 0-0 0-0 8. a3 d6 9. f4 Be6 10. d3 Qd7 11. Nd5 Bh3 12. e4 Bxg2 13. Kxg2 f5 14. Nxe7+ Nxe7 15. Rb1 Qc6 16. Nc3 a6 17. Qe2 b5 18. Nd5 Nxd5 19. exd5 Qd7 20. Bd2 Rfe8 21. Qf3 e4 22. dxe4 Rxe4 23. cxb5 axb5 24. Rfe1 Rae8 25. Rxe4 Rxe4 26. b4 Qb7 27. bxc5 Qxd5 28. Be3 Qa2+ 0-1

[Event "Krakow Winter op-B"]
[Site "Krakow"]
[Date "2022.01.17"]
[Round "5"]
[White "Ryszka, Maciej"]
[Black "Kozak, Karol"]
[Result "1/2-1/2"]
[WhiteElo "1186"]
[BlackElo "1347"]
[PlyCount "176"]
[EventDate "2022.01.15"]
[EventType "swiss"]
[EventRounds "9"]
[EventCountry "POL"]
[SourceTitle "CBM 206 Extra"]
[Source "ChessBase"]
[SourceDate "2022.03.31"]
[SourceVersion "1"]
[SourceVersionDate "2022.03.31"]
[SourceQuality "1"]

1. c4 e5 2. b3 Nc6 3. Bb2 Nf6 4. e3 d5 5. d4 exd4 6. exd4 Bb4+ 7. Nc3 Ne4 8. Qf3 Nxd4 9. Qd3 Qf6 10. 0-0-0 Bxc3 11. Bxc3 Nxc3 12. Qxc3 c5 13. Re1+ Kd8 14. cxd5 Qxf2 15. Nf3 Nxf3 16. gxf3 Bf5 17. Bd3 Bxd3 18. Qxd3 Qd4 19. Qxd4 cxd4 20. Rhg1 g6 21. Rg4 Rc8+ 22. Kd2 Re8 23. Rxe8+ Kxe8 24. Rxd4 Kd7 25. h4 Kd6 26. Rc4 Rc5 27. Kd3 Rxd5+ 28. Ke4 Rh5 29. Ke3 Rc5 30. Rb4 b5 31. Rd4+ Ke6 32. Rd2 h5 33. Rd4 a5 34. b4 axb4 35. Rxb4 Rc2 36. Rxb5 Rxa2 37. Kf4 Kf6 38. Rb6+ Kg7 39. Kg5 Ra4 40. Rb7 Rc4 41. Ra7 Rc1 42. Rb7 Re1 43. Rd7 Re5+ 44. Kf4 Re1 45. Kg5 Rf1 46. Kf4 Kf6 47. Rd6+ Ke7 48. Ra6 Rd1 49. Kg5 Rd5+ 50. Kf4 f6 51. Ra7+ Rd7 52. Ra6 Kf7 53. Rb6 Kg7 54. Ra6 Rd4+ 55. Kg3 Rd5 56. Ra7+ Kh6 57. Ra6 f5 58. f4 Rd3+ 59. Kg2 Kg7 60. Ra7+ Kf6 61. Ra6+ Kf7 62. Ra7+ Ke6 63. Rg7 Kd5 64. Rxg6 Ke4 65. Rg5 Kxf4 66. Rxh5 Rd2+ 67. Kf1 Ke4 68. Rh8 f4 69. h5 Kf3 70. Ke1 Rh2 71. h6 Rh1+ 72. Kd2 Kf2 73. h7 f3 74. Kd3 Kf1 75. Rf8 Rxh7 76. Rxf3+ Ke1 77. Re3+ Kf2 78. Re2+ Kf1 79. Re4 Ra7 80. Rc4 Kf2 81. Rf4+ Kg3 82. Rc4 Kf3 83. Rc8 Rd7+ 84. Kc4 Ke4 85. Re8+ Kf5 86. Re1 Rf7 87. Rf1+ Ke6 88. Rxf7 Kxf7 1/2-1/2

[Event "Krakow Winter op-B"]
[Site "Krakow"]
[Date "2022.01.16"]
[Round "4"]
[White "Ryszka, Maciej"]
[Black "Kollbek, Jakub"]
[Result "1-0"]
[WhiteElo "1186"]
[BlackElo "1193"]
[PlyCount "41"]
[EventDate "2022.01.15"]
[EventType "swiss"]
[EventRounds "9"]
[EventCountry "POL"]
[SourceTitle "CBM 206 Extra"]
[Source "ChessBase"]
[SourceDate "2022.03.31"]
[SourceVersion "1"]
[SourceVersionDate "2022.03.31"]
[SourceQuality "1"]

1. b3 d5 2. Nf3 c5 3. d4 Nc6 4. Bb2 Bf5 5. a3 e6 6. e3 Nf6 7. Bd3 Bxd3 8. cxd3 Bd6 9. 0-0 0-0 10. Nbd2 Rc8 11. dxc5 Bxc5 12. Rc1 Bd6 13. Qe2 Qa5 14. b4 Qb6 15. e4 dxe4 16. dxe4 Nd7 17. Nc4 Qb5 18. Qd2 Nxb4 19. Nxd6 Qb6 20. Nxc8 Qd8 21. Qxb4 1-0